Les 20 préfectures les plus proches de Melun - Statistiques

Statistiques générales
  • Ce quiz a été pris 141 fois
  • Le résultat moyen est 15 sur 20
Statistiques - réponses
distance (en km) ville préfecture % Correct
43 Paris
97%
19 Evry-Courcouronnes
90%
90 Orleans
85%
49 Versailles
85%
31 Creteil
84%
51 Nanterre
80%
107 Auxerre
79%
44 Bobigny
77%
107.89 Troyes
77%
73 Cergy-Pontoise
75%
87 Chartres
75%
107.73 Beauvais
67%
153 Amiens
63%
123 Evreux
63%
134 Laon
63%
145 Blois
62%
133 Chalons en Champagne
61%
164 Bourges
59%
177 Nevers
59%
152 Rouen
56%
Aucun quiz correspondant
Distribution des résultats
% des personnes avec chaque résultat
Percentile par nombre de réponses
Votre historique - résultats
Vous n’avez pas pris ce quiz